The Freaky Joe Club : (Record no. 6020)

MARC details
000 -LEADER
fixed length control field 01565cam a22004213a 4500
001 - CONTROL NUMBER
control field 6020
003 - CONTROL NUMBER IDENTIFIER
control field FISKH
005 - DATE AND TIME OF LATEST TRANSACTION
control field 20250221105802.0
008 - FIXED-LENGTH DATA ELEMENTS--GENERAL INFORMATION
fixed length control field 040513s2004 nyua b 000 1 eng d
010 ## - LIBRARY OF CONGRESS CONTROL NUMBER
LC control number 2003096178
020 ## - INTERNATIONAL STANDARD BOOK NUMBER
International Standard Book Number 0689862601
020 ## - INTERNATIONAL STANDARD BOOK NUMBER
International Standard Book Number 9780689862601
035 ## - SYSTEM CONTROL NUMBER
System control number (OCoLC)ocm55136123
040 ## - CATALOGING SOURCE
Original cataloging agency IEF
Transcribing agency IEF
Modifying agency LEO
-- DLC
Language of cataloging eng
050 ## - LIBRARY OF CONGRESS CALL NUMBER
Classification number PZ7.
082 ## - DEWEY DECIMAL CLASSIFICATION NUMBER
Classification number 531
100 1# - MAIN ENTRY--PERSONAL NAME
Personal name McMahon, P. J.
Fuller form of name (1969-)
245 14 - TITLE STATEMENT
Title The Freaky Joe Club :
Remainder of title secret file #1 : the mystery of the swimming gorilla /
Statement of responsibility, etc. by P.J. McMahon ; illustrated by John Manders.
246 30 - VARYING FORM OF TITLE
Title proper/short title Mystery of the swimming gorilla
250 ## - EDITION STATEMENT
Edition statement This edition first published in 2004
260 ## - PUBLICATION, DISTRIBUTION, ETC.
Place of publication, distribution, etc. New York :
Name of publisher, distributor, etc. Aladdin Paperbacks,
Date of publication, distribution, etc. 2004.
300 ## - PHYSICAL DESCRIPTION
Extent 105 pages :
Other physical details illustrations ;
Dimensions 20 cm.
505 ## - FORMATTED CONTENTS NOTE
Formatted contents note R<br/>
520 ## - SUMMARY, ETC.
Summary, etc. When bicycles start disappearing all over Ship's Cove, the Freaky Joe Club has its first case.
521 8# - TARGET AUDIENCE NOTE
Target audience note 650<br/>
Source Lexile<br/>
521 8# - TARGET AUDIENCE NOTE
Target audience note R<br/>
Source Raz-Plus<br/>
650 ## - SUBJECT ADDED ENTRY--TOPICAL TERM
Source of heading or term Personal
Topical term or geographic name entry element Chapter book
650 ## - SUBJECT ADDED ENTRY--TOPICAL TERM
Source of heading or term Fiction
Topical term or geographic name entry element Mystery fiction
655 #7 - INDEX TERM--GENRE/FORM
Genre/form data or focus term Children's stories.
Source of term lcsh
655 #7 - INDEX TERM--GENRE/FORM
Genre/form data or focus term Mystery fiction.
Source of term gsafd
700 1# - ADDED ENTRY--PERSONAL NAME
Personal name Manders, John.
Dates associated with a name illustrator
710 2# - ADDED ENTRY--CORPORATE NAME
Corporate name or jurisdiction name as entry element Copyright Paperback Collection (Library of Congress)
Institution to which field applies DLC
856 42 - ELECTRONIC LOCATION AND ACCESS
Materials specified Publisher description
Uniform Resource Identifier <a href="http://www.loc.gov/catdir/enhancements/fy0631/2003096178-d.html">http://www.loc.gov/catdir/enhancements/fy0631/2003096178-d.html</a>
856 42 - ELECTRONIC LOCATION AND ACCESS
Materials specified Contributor biographical information
Uniform Resource Identifier <a href="http://www.loc.gov/catdir/enhancements/fy0909/2003096178-b.html">http://www.loc.gov/catdir/enhancements/fy0909/2003096178-b.html</a>
906 ## - LOCAL DATA ELEMENT F, LDF (RLIN)
a 7
b cbc
c copycat
d 2
e ncip
f 20
g y-genrareb
942 ## - ADDED ENTRY ELEMENTS (KOHA)
Source of classification or shelving scheme Dewey Decimal Classification
Koha item type Books
Suppress in OPAC No
Holdings
Withdrawn status Lost status Source of classification or shelving scheme Damaged status Not for loan Collection Home library Current library Shelving location Date acquired Total Checkouts Full call number Barcode Date last seen Copy number Price effective from Koha item type
    Dewey Decimal Classification     Juvenile Fiction Footprints International School Library Network Toul Kork Campus Footprints International School Library Network Toul Kork Campus TTP Primary Orange Bookshelves 02/21/2025   MCM PZ7 531 2025-0668 02/21/2025 1 02/21/2025 Books